Historia świata dla głupich - Statystyki

Ogólne statystyki
  • Ten quiz został rozwiązany 143 razy
  • Średni wynik to 14 z 20
Statystyki odpowiedzi
Pytanie Odpowiedź % Poprawnych
Co było stolicą Związku Radzieckiego? Moskwa
96%
W jakim mieście zostało zbudowane Koloseum w latach 72–80 n.e.? Rzym
96%
Jeśli chodzi o daty, co oznacza p. n. e.? Przed naszą erą
95%
Kto „odkrył” Nowy Świat i ogłosił go własnością Hiszpanii w 1492 roku? Krzysztof Kolumb
93%
Kto namalował "Monę Lisę"? Leonardo da Vinci
92%
Jaką religię zapoczątkował Mahomet? Islam
91%
Z jakiego miasta pochodzili Sokrates, Platon i Arystoteles? Ateny
82%
Na którym kontynencie po raz pierwszy rozwinęli się anatomicznie współcześni ludzie? Afryka
81%
Które państwo skolonizowało Wietnam, Algierię i część Kanady? Francja
78%
Co wynalazł Jan Gutenberg w XV wieku, co zrewolucjonizowało sposób przekazywania informacji? Druk
74%
Jaki styl muzyki grali Louis Armstrong i Miles Davis? Jazz
71%
Jak nazywano Niemcy, Włochy, Japonię i ich sojuszników podczas II wojny światowej? Państwa {Osi}
68%
Który rewolucjonista, który palił cygara, był przywódca Kuby w latach 1959–2008? Fidel Castro
65%
Które imperium założone przez Czyngis-chana podbiło większość Azji? Imperium Mongolskie
64%
W jakiej serii wojen Europejczycy próbowali odzyskać Ziemię Świętą dla chrześcijaństwa? {Krucjat}y
59%
Którego aktywistę noszącego przepaskę biodrową często uważa się za „Ojca Narodu” Indii? Mahatma Gandhi
49%
W którym współczesnym kraju można znaleźć ruiny Babilonu? Irak
47%
Jaki ogromny obiekt został zbudowany ponad 4000 lat temu, najprawdopodobniej jako grobowiec faraona Chufu? Piramida Cheopsa
41%
Który filozof, znany też jako „Mistrz Kong”, urodził się w Chinach w 551 r. p.n.e.? Konfucjusz
39%
Która królowa Francji rzekomo powiedziała „niech jedzą ciastka”? (ale tak naprawdę nie) Maria Antonina
35%
Nie znaleziono quizów pasujących do podanych kryteriów
Rozkład punktacji
Procent ludzi z każdym wynikiem
Percentyl według liczby udzielonych odpowiedzi
Twoja historia wyników
Nie rozwiązałeś tego quizu